[Event "GBR-ch"]
[Site "Aberystwyth, Wales"]
[Date "2014.07.20"]
[Round "2.19"]
[White "Storey, Charles H"]
[Black "Jarmany, John"]
[Result "1-0"]
[WhiteElo "2241"]
[BlackElo "2073"]
[PlyCount "103"]
[EventDate "2014.07.19"]
[EventType "swiss"]
[EventRounds "11"]
[EventCountry "GBR"]
[Source "John Saunders"]
[SourceDate "2015.07.24"]

1. g3 d5 2. Bg2 Nf6 3. c4 c6 4. d4 a6 5. c5 Nbd7 6. f4 g6 7. Nc3 Bg7 8. e3 O-O
9. g4 Ne8 10. h4 Ndf6 11. Bf3 Be6 12. g5 Nd7 13. h5 Nc7 14. Qc2 Re8 15. Qh2 Nf8
16. Bd2 Rb8 17. Nge2 Qd7 18. O-O-O b6 19. cxb6 Rxb6 20. Na4 Rbb8 21. Nc5 Qd6
22. Nc3 Bf5 23. N3a4 Nce6 24. Bc3 Nxc5 25. Nxc5 Rb6 26. Be2 Reb8 27. Bd3 Bxd3
28. Rxd3 Rb5 29. Kb1 a5 30. Ka1 a4 31. Nxa4 Ra8 32. b3 Qa3 33. Bb2 Qb4 34. h6
Bh8 35. Rc1 Nd7 36. Qd2 Qd6 37. Rdc3 Nb8 38. Nc5 Qc7 39. a4 Qa5 40. Kb1 Rb4 41.
Ba3 Rb6 42. Ka2 f6 43. Qd3 e5 44. fxe5 fxe5 45. Qf1 Na6 46. Qh3 Re8 47. Qd7
Rbb8 48. Nxa6 Qxa6 49. Rxc6 Qe2+ 50. R1c2 Qf3 51. Rxg6+ hxg6 52. h7# 1-0

[Event "GBR-ch"]
[Site "Aberystwyth, Wales"]
[Date "2014.07.20"]
[Round "2.20"]
[White "Villiers, Thomas"]
[Black "Wadsworth, Matthew J"]
[Result "1/2-1/2"]
[WhiteElo "2068"]
[BlackElo "2221"]
[PlyCount "91"]
[EventDate "2014.07.19"]
[EventType "swiss"]
[EventRounds "11"]
[EventCountry "GBR"]
[Source "John Saunders"]
[SourceDate "2015.07.24"]

1. d4 Nf6 2. c4 c5 3. d5 e6 4. Nc3 exd5 5. cxd5 d6 6. g3 g6 7. Bg2 Bg7 8. Nf3
O-O 9. O-O a6 10. a4 Nbd7 11. Nd2 Rb8 12. Nc4 Nb6 13. Nxd6 Ra8 14. Nxc8 Rxc8
15. e4 Re8 16. f4 h5 17. a5 Nc4 18. Qa4 b5 19. axb6 Nxb6 20. Qc2 Ra8 21. e5
Nfxd5 22. Nxd5 Nxd5 23. Qxc5 Ne7 24. Bxa8 Qxa8 25. Be3 Nf5 26. Bf2 h4 27. Rfc1
Rd8 28. Rd1 Rxd1+ 29. Rxd1 Qf3 30. Rd8+ Kh7 31. Qd5 Qe2 32. Qd2 Qf3 33. Qd3 Qc6
34. g4 Nh6 35. Bxh4 Nxg4 36. Qc3 Qe4 37. Rd4 Qe2 38. Qd2 Qf3 39. Rd3 Qe4 40.
Bg5 Bf8 41. Rd6 Qf3 42. Qg2 Qe3+ 43. Kf1 Bxd6 44. exd6 Qc1+ 45. Ke2 Qe3+ 46.
Kf1 1/2-1/2

[Event "GBR-ch"]
[Site "Aberystwyth, Wales"]
[Date "2014.07.20"]
[Round "2.21"]
[White "Pleasants, Allan J"]
[Black "McPhillips, Joseph"]
[Result "1/2-1/2"]
[WhiteElo "2061"]
[BlackElo "2200"]
[PlyCount "78"]
[EventDate "2014.07.19"]
[EventType "swiss"]
[EventRounds "11"]
[EventCountry "GBR"]
[Source "John Saunders"]
[SourceDate "2015.07.24"]

1. d4 e6 2. Nf3 Nf6 3. Bg5 h6 4. Bh4 b6 5. Nbd2 c5 6. e3 Nc6 7. c3 Be7 8. Bd3
Bb7 9. O-O cxd4 10. exd4 Nh5 11. Bg3 Nxg3 12. fxg3 d5 13. Qe2 Bf6 14. Ne5 Bxe5
15. dxe5 O-O 16. Rad1 Qc7 17. Nf3 a6 18. g4 Qe7 19. Bb1 a5 20. Qd3 g6 21. Qe3
Qc5 22. Nd4 Kg7 23. Rf6 Nxd4 24. cxd4 Qc7 25. h4 Ba6 26. h5 g5 27. Qf2 Qe7 28.
Qc2 Rh8 29. Rd2 Rac8 30. Qd1 Rhf8 31. Rc2 Qb4 32. Rff2 Rxc2 33. Qxc2 Qe1+ 34.
Kh2 Rh8 35. Rxf7+ Kxf7 36. Qc7+ Kg8 37. Qd8+ Kg7 38. Qe7+ Kg8 39. Qe8+ Kg7
1/2-1/2

[Event "GBR-ch"]
[Site "Aberystwyth, Wales"]
[Date "2014.07.20"]
[Round "2.22"]
[White "Hughes, Roy"]
[Black "Shaw, Peter"]
[Result "1/2-1/2"]
[WhiteElo "2059"]
[BlackElo "2178"]
[PlyCount "55"]
[EventDate "2014.07.19"]
[EventType "swiss"]
[EventRounds "11"]
[EventCountry "GBR"]
[Source "John Saunders"]
[SourceDate "2015.07.24"]

1. d4 d5 2. Bf4 c5 3. e3 Nc6 4. c3 Nf6 5. Nd2 Bf5 6. Ngf3 Qb6 7. Qc1 e6 8. h3
cxd4 9. exd4 Rc8 10. Be2 Be7 11. O-O O-O 12. Rd1 h6 13. Nf1 Rfd8 14. Ng3 Bh7
15. Ne5 Ne4 16. Nxe4 Bxe4 17. Nxc6 Qxc6 18. Bd3 b5 19. a3 a5 20. Qe3 Bxd3 21.
Qxd3 Bd6 22. Qg3 Bxf4 23. Qxf4 Qd6 24. Qg4 g6 25. Rd3 Rc4 26. Rf3 Qe7 27. Qf4
Kg7 28. Qe5+ 1/2-1/2

[Event "GBR-ch"]
[Site "Aberystwyth, Wales"]
[Date "2014.07.20"]
[Round "2.23"]
[White "Elwin, Adrian G"]
[Black "Burnett, Jim"]
[Result "0-1"]
[WhiteElo "1974"]
[BlackElo "2124"]
[PlyCount "134"]
[EventDate "2014.07.19"]
[EventType "swiss"]
[EventRounds "11"]
[EventCountry "GBR"]
[Source "John Saunders"]
[SourceDate "2015.07.24"]

1. d4 d5 2. c4 e6 3. Nc3 c6 4. e3 Nf6 5. Bd3 Nbd7 6. Nf3 dxc4 7. Bxc4 b5 8. Bd3
a6 9. O-O c5 10. b3 Bb7 11. Bb2 Be7 12. Rc1 O-O 13. Bb1 Qb6 14. Ne2 Rfd8 15.
Ng3 Rac8 16. Qe2 cxd4 17. Bxd4 Qa5 18. Rxc8 Rxc8 19. Ne5 Nxe5 20. Bxe5 b4 21.
f4 Nd7 22. Qd3 Nf8 23. Bd4 Bc5 24. f5 Bxd4 25. Qxd4 Qd5 26. Qxd5 Bxd5 27. e4
Bb7 28. Bd3 Rd8 29. Bc4 e5 30. Re1 Rd6 31. Kf2 Nd7 32. Ke3 Nf6 33. h3 Kf8 34.
Rc1 Rc6 35. Rd1 Ke7 36. Rd2 g5 37. fxg6 hxg6 38. Rd1 Rc7 39. Rd2 Rd7 40. Rxd7+
Nxd7 41. Be2 Nc5 42. Bf3 a5 43. Bd1 Kd6 44. Bc2 Ba6 45. h4 a4 46. h5 gxh5 47.
Nxh5 a3 48. Nf6 Bb7 49. g4 Ke7 50. Ng8+ Kf8 51. Nh6 Bc8 52. Kd2 Be6 53. Kc1 Kg7
54. Nf5+ Kf6 55. g5+ Kxg5 56. Ne7 Kf4 57. Nc6 Nxe4 58. Nxb4 Nd6 59. Nd3+ Ke4
60. Nc5+ Kd5 61. Nxe6 Kxe6 62. b4 Kd5 63. Bb3+ Kd4 64. Kd2 f5 65. Be6 f4 66.
Bb3 e4 67. Ke2 Kc3 0-1

[Event "GBR-ch"]
[Site "Aberystwyth, Wales"]
[Date "2014.07.20"]
[Round "2.24"]
[White "Menadue, Jeremy F S"]
[Black "Tambini, Jasper"]
[Result "1/2-1/2"]
[WhiteElo "2117"]
[BlackElo "2047"]
[PlyCount "48"]
[EventDate "2014.07.19"]
[EventType "swiss"]
[EventRounds "11"]
[EventCountry "GBR"]
[Source "John Saunders"]
[SourceDate "2015.07.24"]

1. d4 d5 2. Bg5 Bf5 3. e3 c6 4. Nf3 Qb6 5. b3 Nd7 6. Bd3 Bxd3 7. Qxd3 e6 8. O-O
Ngf6 9. c4 Be7 10. Nc3 O-O 11. Ne5 Rfd8 12. c5 Qc7 13. f4 Nf8 14. b4 Ne8 15.
Bxe7 Qxe7 16. b5 f6 17. Nf3 Nc7 18. bxc6 bxc6 19. Rab1 Rdb8 20. Rxb8 Rxb8 21.
Rb1 Qe8 22. a4 Nd7 23. h3 Rxb1+ 24. Qxb1 Qb8 1/2-1/2

[Event "GBR-ch"]
[Site "Aberystwyth, Wales"]
[Date "2014.07.20"]
[Round "2.25"]
[White "Bourached, Anthony"]
[Black "Hackner, Oskar A"]
[Result "1/2-1/2"]
[WhiteElo "1965"]
[BlackElo "2108"]
[PlyCount "157"]
[EventDate "2014.07.19"]
[EventType "swiss"]
[EventRounds "11"]
[EventCountry "GBR"]
[Source "John Saunders"]
[SourceDate "2015.07.24"]

1. e4 e6 2. d4 d5 3. Nd2 Nf6 4. e5 Nfd7 5. Bd3 c5 6. c3 Nc6 7. Ngf3 g6 8. h4
Qb6 9. dxc5 Nxc5 10. Nb3 Nxd3+ 11. Qxd3 Bg7 12. Bf4 h6 13. O-O g5 14. hxg5 hxg5
15. Bxg5 Nxe5 16. Nxe5 Bxe5 17. g3 Rg8 18. Bh4 Bd7 19. Rfe1 Qc7 20. Re3 f6 21.
Rae1 O-O-O 22. Rxe5 fxe5 23. Bxd8 Kxd8 24. Qe3 e4 25. Nc5 Bc8 26. Rd1 Ke8 27.
Kg2 b6 28. Nb3 Rh8 29. Rh1 Rxh1 30. Kxh1 Qh7+ 31. Kg2 Bb7 32. Qf4 Qd7 33. Nd4
Bc8 34. Qe5 Kd8 35. g4 Qf7 36. Kg3 Ke8 37. Qh8+ Kd7 38. Qe5 Ke8 39. a3 a6 40.
Qh8+ Kd7 41. Qe5 b5 42. g5 Ke8 43. Qf4 Qd7 44. g6 Qg7 45. Qg5 Bd7 46. f4 a5 47.
Qh5 Kf8 48. b4 axb4 49. axb4 Qf6 50. Qh7 Qg7 51. Qh5 Qf6 52. Qh6+ Qg7 53. Qg5
Ke8 54. Kh4 Qh8+ 55. Qh5 Qf6+ 56. Qg5 Qh8+ 57. Qh5 Qf6+ 58. Kg3 Kf8 59. Qh7 Qg7
60. Kh4 Qxh7+ 61. gxh7 Kg7 62. Kg5 Kxh7 63. Kf6 e3 64. Ke7 Bc8 65. Kd8 Ba6 66.
Kc7 Kg6 67. Kb6 Bc8 68. Kxb5 Kh5 69. Kc6 Kg4 70. b5 Kxf4 71. Kc7 e5 72. Nc2 d4
73. cxd4 exd4 74. Nxd4 Ke4 75. Ne2 Be6 76. b6 Bd5 77. Nc3+ Kd4 78. Nxd5 Kxd5
79. b7 1/2-1/2

[Event "GBR-ch"]
[Site "Aberystwyth, Wales"]
[Date "2014.07.20"]
[Round "2.26"]
[White "Brown, Thomas"]
[Black "Clancy, Martin J"]
[Result "1-0"]
[WhiteElo "2104"]
[BlackElo "2009"]
[PlyCount "91"]
[EventDate "2014.07.19"]
[EventType "swiss"]
[EventRounds "11"]
[EventCountry "GBR"]
[Source "John Saunders"]
[SourceDate "2015.07.24"]

1. Nf3 Nf6 2. d4 g6 3. g3 Bg7 4. Bg2 O-O 5. O-O d6 6. a4 Nc6 7. a5 e5 8. a6 e4
9. Nfd2 Nxd4 10. Nxe4 Nxe4 11. Bxe4 d5 12. axb7 Bxb7 13. Bg2 Qe7 14. Nc3 Rfd8
15. e3 Ne6 16. Qe2 a6 17. Rd1 Qc5 18. Bd2 Bc6 19. b4 Qb6 20. Rab1 d4 21. Ne4 f5
22. Nc5 Bxg2 23. Nxe6 Qxe6 24. Kxg2 Rd7 25. Qf3 Rad8 26. exd4 Rxd4 27. Bf4 Rxd1
28. Rxd1 Rxd1 29. Qxd1 Qe4+ 30. f3 Qxb4 31. Qd8+ Bf8 32. Qd5+ Kg7 33. Be5+ Kh6
34. Bf4+ Kg7 35. Be5+ Kh6 36. Bxc7 Qe7 37. Be5 Qc5 38. Qd2+ g5 39. h4 Be7 40.
Bd4 Qc6 41. Be3 Qg6 42. c4 Kh5 43. g4+ fxg4 44. fxg4+ Kxg4 45. Qe2+ Kf5 46.
Qf3+ 1-0

[Event "GBR-ch"]
[Site "Aberystwyth, Wales"]
[Date "2014.07.20"]
[Round "2.27"]
[White "Brusey, Alan W"]
[Black "Horton, Justin"]
[Result "1-0"]
[WhiteElo "1951"]
[BlackElo "2104"]
[PlyCount "117"]
[EventDate "2014.07.19"]
[EventType "swiss"]
[EventRounds "11"]
[EventCountry "GBR"]
[Source "John Saunders"]
[SourceDate "2015.07.24"]

1. e4 e6 2. d4 d5 3. e5 c5 4. c3 Nc6 5. Nf3 Bd7 6. Bd3 cxd4 7. cxd4 Qb6 8. O-O
Nxd4 9. Nbd2 Ne7 10. Nxd4 Qxd4 11. Nf3 Qb6 12. Be3 Qc7 13. Rc1 Nc6 14. a3 Rc8
15. Re1 Qb8 16. b4 a6 17. Bc5 Bxc5 18. Rxc5 Ne7 19. Rxc8+ Qxc8 20. Qd2 O-O 21.
Ng5 h6 22. Nh7 Re8 23. Nf6+ gxf6 24. exf6 Nf5 25. Bxf5 exf5 26. Rc1 Kh7 27.
Rxc8 Rxc8 28. f3 Be6 29. Kf2 Kg6 30. Qd4 Rc2+ 31. Kg3 h5 32. Qb6 Kxf6 33. Qxb7
h4+ 34. Kf4 Rxg2 35. Qxa6 Rxh2 36. Qd6 Rc2 37. Qd8+ Kg7 38. Qg5+ Kf8 39. Ke5
Rc3 40. Qxh4 Rxa3 41. f4 Ke8 42. Kd6 Ra6+ 43. Kc5 Kd7 44. b5 Ra2 45. Qh8 Kc7
46. Qe5+ Kb7 47. Qd6 Rc2+ 48. Kd4 Rc4+ 49. Kd3 Rc7 50. Qa6+ Kb8 51. b6 Re7 52.
Qa3 Rd7 53. Kd4 Rb7 54. Qf8+ Bc8 55. Qd6+ Ka8 56. Qxd5 Be6 57. Qc6 Bd7 58. Qd6
Be6 59. Qf8+ 1-0

[Event "GBR-ch"]
[Site "Aberystwyth, Wales"]
[Date "2014.07.20"]
[Round "2.28"]
[White "Lenier, Jude A"]
[Black "Hoare, Amy B"]
[Result "0-1"]
[WhiteElo "2099"]
[BlackElo "1950"]
[PlyCount "82"]
[EventDate "2014.07.19"]
[EventType "swiss"]
[EventRounds "11"]
[EventCountry "GBR"]
[Source "John Saunders"]
[SourceDate "2015.07.24"]

1. e4 e5 2. Nf3 Nc6 3. Bb5 Nf6 4. O-O Nxe4 5. d4 Nd6 6. Bxc6 dxc6 7. dxe5 Nf5
8. Qxd8+ Kxd8 9. Nc3 Bd7 10. Ne4 h6 11. b3 Kc8 12. h3 b6 13. Bb2 a5 14. c4 a4
15. g4 Ne7 16. Ng3 b5 17. Nd2 Ng6 18. cxb5 cxb5 19. Nh5 Bb4 20. Ne4 a3 21. Bd4
Bc6 22. Nhg3 Rd8 23. Rad1 Nf4 24. Kh2 Re8 25. f3 Kb7 26. Nf5 Ne6 27. Be3 Rad8
28. Kg3 Bxe4 29. fxe4 Bc3 30. Bf4 Nxf4 31. Rxd8 Ne2+ 32. Kf2 Rxd8 33. Kxe2 Rd2+
34. Ke3 Rxa2 35. Nd4 Bxd4+ 36. Kxd4 Rc2 37. Kd3 Rh2 38. Rxf7 Rxh3+ 39. Kc2 Re3
40. e6 Rxe4 41. e7 g5 0-1

[Event "GBR-ch"]
[Site "Aberystwyth, Wales"]
[Date "2014.07.21"]
[Round "3.1"]
[White "Pert, Richard G"]
[Black "Howell, David W L"]
[Result "1/2-1/2"]
[WhiteElo "2430"]
[BlackElo "2650"]
[PlyCount "95"]
[EventDate "2014.07.19"]
[EventType "swiss"]
[EventRounds "11"]
[EventCountry "GBR"]
[Source "John Saunders"]
[SourceDate "2015.07.24"]

1. d4 Nf6 2. c4 g6 3. Nc3 d5 4. cxd5 Nxd5 5. e4 Nxc3 6. bxc3 Bg7 7. Bc4 c5 8.
Ne2 Nc6 9. Be3 O-O 10. O-O b6 11. Rc1 Bb7 12. Qd2 Rc8 13. Rfd1 cxd4 14. cxd4
Qd6 15. d5 Ne5 16. Bb3 Ba6 17. Nd4 Rxc1 18. Rxc1 Nd3 19. Rc6 Qe5 20. f3 Nc5 21.
Nc2 Bb5 22. Bxc5 bxc5 23. Rxc5 Rb8 24. Qa5 a6 25. Qc7 Qxc7 26. Rxc7 Be5 27. Rc5
a5 28. Bc4 Ba4 29. Bb3 Bb5 30. Bc4 Bd7 31. Rxa5 Rb1+ 32. Kf2 Bxh2 33. Ke2 Rb2
34. Bb3 Bd6 35. Ke3 g5 36. Kd4 f6 37. g3 Kg7 38. f4 gxf4 39. gxf4 Bc7 40. Ra6
Bxf4 41. Ra7 Bg4 42. Rxe7+ Kg6 43. Kc5 Rb1 44. d6 Rd1 45. Bd5 Rc1 46. Bb3 Rd1
47. Bd5 Rc1 48. Bb3 1/2-1/2

[Event "GBR-ch"]
[Site "Aberystwyth, Wales"]
[Date "2014.07.21"]
[Round "3.2"]
[White "Pert, Nicholas"]
[Black "Fernandez, Daniel Howard"]
[Result "1/2-1/2"]
[WhiteElo "2564"]
[BlackElo "2396"]
[PlyCount "166"]
[EventDate "2014.07.19"]
[EventType "swiss"]
[EventRounds "11"]
[EventCountry "GBR"]
[Source "John Saunders"]
[SourceDate "2015.07.24"]

1. d4 d5 2. Nf3 e6 3. c4 Ne7 4. Nc3 Nbc6 5. Bf4 Ng6 6. Bg3 Bd6 7. e3 O-O 8. Rc1
dxc4 9. Bxc4 b6 10. O-O Bb7 11. Qe2 a6 12. d5 exd5 13. Bxd5 Nge7 14. Rfd1 Qb8
15. Bxd6 cxd6 16. Be4 Rd8 17. Nd5 Nxd5 18. Bxd5 Ne5 19. h3 Bxd5 20. Rxd5 Nxf3+
21. Qxf3 Ra7 22. Rc6 Rad7 23. Qf4 Qb7 24. Rdxd6 Rxd6 25. Rxd6 Rxd6 26. Qxd6 h6
27. a4 Qe4 28. b4 Qc2 29. a5 bxa5 30. bxa5 Qe2 31. Qb6 g6 32. Qb8+ Kg7 33. Qe5+
Kg8 34. g3 Qc4 35. Qe8+ Kg7 36. Qd8 Qc1+ 37. Kg2 Qc6+ 38. Kh2 Qc2 39. Qd4+ Kg8
40. Kg2 h5 41. Qd5 Qe2 42. Qg5 Qd3 43. Qe5 Qe2 44. Qd5 Kg7 45. Qd4+ Kg8 46. g4
hxg4 47. hxg4 Qb5 48. Qd8+ Kg7 49. Qb6 Qe2 50. Kg3 g5 51. Qd4+ f6 52. Qd7+ Kg6
53. Kg2 Kh6 54. Qe6 Kg6 55. Qf5+ Kg7 56. Kg3 Qd1 57. Kg2 Qe2 58. Qd7+ Kh6 59.
Qc8 Qd1 60. e4 Qe2 61. Qf5 Kg7 62. e5 fxe5 63. Qxg5+ Kf7 64. Qf5+ Kg7 65. g5 e4
66. Kg3 Qe1 67. Qe5+ Kf7 68. Qf6+ Kg8 69. Qg6+ Kf8 70. Qb6 e3 71. Qxe3 Qxa5 72.
f4 Qb4 73. f5 a5 74. g6 Kg7 75. Qe5+ Kh6 76. Qe3+ Kg7 77. Qe5+ Kh6 78. Qf6 a4
79. g7+ Kh7 80. Qg6+ Kg8 81. f6 Qc3+ 82. Kf4 Qd4+ 83. Kf3 Qc3+ 1/2-1/2

[Event "GBR-ch"]
[Site "Aberystwyth, Wales"]
[Date "2014.07.21"]
[Round "3.3"]
[White "Ward, Chris G"]
[Black "Hebden, Mark L"]
[Result "1-0"]
[WhiteElo "2422"]
[BlackElo "2554"]
[PlyCount "63"]
[EventDate "2014.07.19"]
[EventType "swiss"]
[EventRounds "11"]
[EventCountry "GBR"]
[Source "John Saunders"]
[SourceDate "2015.07.24"]

1. d4 Nf6 2. c4 g6 3. Nc3 Bg7 4. e4 d6 5. Nge2 O-O 6. Ng3 c5 7. d5 e6 8. Be2
exd5 9. cxd5 Na6 10. O-O Nc7 11. a4 Na6 12. Bg5 h6 13. Be3 Re8 14. Qd2 h5 15.
Bg5 Qc7 16. f4 Nh7 17. Bh4 Bh6 18. Bc4 Nb4 19. Rae1 Bd7 20. Qf2 a6 21. e5 Bxa4
22. exd6 Qa5 23. Ra1 b5 24. d7 Red8 25. Qxc5 Bf8 26. d6 Rxd7 27. Rxa4 Bxd6 28.
Qxd6 bxa4 29. Qxg6+ Kh8 30. Bf6+ Nxf6 31. Qxf6+ Kh7 32. Nf5 1-0

[Event "GBR-ch"]
[Site "Aberystwyth, Wales"]
[Date "2014.07.21"]
[Round "3.4"]
[White "Hawkins, Jonathan"]
[Black "Harvey, Marcus R"]
[Result "1-0"]
[WhiteElo "2516"]
[BlackElo "2287"]
[PlyCount "77"]
[EventDate "2014.07.19"]
[EventType "swiss"]
[EventRounds "11"]
[EventCountry "GBR"]
[Source "John Saunders"]
[SourceDate "2015.07.24"]

1. Nf3 Nf6 2. c4 c5 3. Nc3 Nc6 4. g3 g6 5. Bg2 Bg7 6. O-O O-O 7. d4 cxd4 8.
Nxd4 Nxd4 9. Qxd4 d6 10. Bg5 h6 11. Bd2 Be6 12. Qd3 Nd7 13. b3 Nc5 14. Qe3 a5
15. Rac1 Bd7 16. Rfd1 Bc6 17. Nd5 e6 18. Nf4 Qb6 19. Bc3 Bxg2 20. Kxg2 Qc6+ 21.
f3 Ra6 22. Rd2 b5 23. Bxg7 Kxg7 24. cxb5 Qxb5 25. Rxd6 Nd7 26. Rxa6 Qxa6 27.
Rc7 Qd6 28. Ra7 g5 29. Qc3+ e5 30. Nd3 Re8 31. Rxa5 Re6 32. b4 h5 33. e4 h4 34.
Rd5 h3+ 35. Kxh3 g4+ 36. fxg4 Qb6 37. Nf4 Nf6 38. Rxe5 Rd6 39. g5 1-0

[Event "GBR-ch"]
[Site "Aberystwyth, Wales"]
[Date "2014.07.21"]
[Round "3.5"]
[White "Tan, Justin"]
[Black "Zhou, Yang-Fan"]
[Result "1-0"]
[WhiteElo "2375"]
[BlackElo "2475"]
[PlyCount "103"]
[EventDate "2014.07.19"]
[EventType "swiss"]
[EventRounds "11"]
[EventCountry "GBR"]
[Source "John Saunders"]
[SourceDate "2015.07.24"]

1. e4 c5 2. Nf3 Nc6 3. d4 cxd4 4. Nxd4 Nf6 5. Nc3 e5 6. Ndb5 d6 7. Bg5 a6 8.
Na3 b5 9. Nd5 Be7 10. Bxf6 Bxf6 11. c4 b4 12. Nc2 O-O 13. h4 Rb8 14. b3 Be6 15.
g3 Be7 16. Bg2 Qd7 17. Nde3 Bd8 18. Qd3 Bb6 19. f4 exf4 20. gxf4 f6 21. h5 Bc5
22. Nf5 Bxf5 23. exf5 Rbe8+ 24. Kd2 Ne7 25. Be4 h6 26. Rad1 Kh8 27. Kc1 a5 28.
Rh4 a4 29. Rg4 Rc8 30. Rd2 Rf7 31. Kb2 Qa7 32. Nd4 axb3 33. Nxb3 Qa6 34. Rgg2
Rff8 35. Rg3 Rc7 36. Nxc5 dxc5 37. Qd6 Qxd6 38. Rxd6 Nc8 39. Ra6 Rd8 40. Ra8
Rcd7 41. Rd3 Nd6 42. Kb3 Kg8 43. Rxd8+ Rxd8 44. Bg2 Kf8 45. Rd5 Rd7 46. Rxc5
Ra7 47. Rd5 Ne8 48. Rd2 Ke7 49. c5 Ra3+ 50. Kxb4 Rg3 51. Bc6 Rg4 52. Rd7+ 1-0

[Event "GBR-ch"]
[Site "Aberystwyth, Wales"]
[Date "2014.07.21"]
[Round "3.6"]
[White "Willmoth, Robert F"]
[Black "Emms, John M"]
[Result "1/2-1/2"]
[WhiteElo "2159"]
[BlackElo "2456"]
[PlyCount "76"]
[EventDate "2014.07.19"]
[EventType "swiss"]
[EventRounds "11"]
[EventCountry "GBR"]
[Source "John Saunders"]
[SourceDate "2015.07.24"]

1. d4 Nf6 2. c4 e6 3. Nf3 c5 4. d5 d6 5. Nc3 exd5 6. cxd5 g6 7. g3 Bg7 8. Bg2
O-O 9. O-O Re8 10. Nd2 a6 11. a4 Nbd7 12. Qc2 Rb8 13. Nc4 Ne5 14. Nxe5 Rxe5 15.
f4 Rh5 16. h4 b5 17. axb5 axb5 18. Rd1 Bg4 19. Ra6 Qe7 20. Re1 Bf5 21. e4 b4
22. Nd1 Bc8 23. Ra1 Nxd5 24. Bf3 Bd4+ 25. Kg2 b3 26. Qe2 Nb4 27. Ne3 Bxe3 28.
Bxe3 Nc2 29. Rad1 Bb7 30. Bf2 Nxe1+ 31. Rxe1 Bc6 32. Bxh5 gxh5 33. Kh2 Rb4 34.
e5 Qe6 35. Qxh5 Qd5 36. Qg5+ Kf8 37. Qd8+ Kg7 38. Qg5+ Kf8 1/2-1/2

[Event "GBR-ch"]
[Site "Aberystwyth, Wales"]
[Date "2014.07.21"]
[Round "3.7"]
[White "Williams, Simon K"]
[Black "Hill, Alistair"]
[Result "1-0"]
[WhiteElo "2462"]
[BlackElo "2126"]
[PlyCount "59"]
[EventDate "2014.07.19"]
[EventType "swiss"]
[EventRounds "11"]
[EventCountry "GBR"]
[Source "John Saunders"]
[SourceDate "2015.07.24"]

1. c4 Nf6 2. Nc3 d5 3. cxd5 Nxd5 4. g3 g6 5. Bg2 Nxc3 6. bxc3 Bg7 7. h4 c5 8.
Rb1 Nc6 9. Qa4 O-O 10. h5 Qd6 11. hxg6 fxg6 12. Ba3 Be6 13. Nf3 Bd5 14. e4 Rxf3
15. Bxf3 Ne5 16. Be2 Bc6 17. Qc2 Rf8 18. f4 Nd7 19. d4 b6 20. Rd1 Qc7 21. d5
Bb7 22. c4 b5 23. Bb2 Qa5+ 24. Rd2 e5 25. Bg4 Nb6 26. Be6+ Kh8 27. Bc3 b4 28.
Rxh7+ Kxh7 29. Rh2+ Bh6 30. Rxh6+ 1-0

[Event "GBR-ch"]
[Site "Aberystwyth, Wales"]
[Date "2014.07.21"]
[Round "3.8"]
[White "Fernandez, Michael"]
[Black "Batchelor, Peter J"]
[Result "0-1"]
[WhiteElo "2029"]
[BlackElo "2177"]
[PlyCount "84"]
[EventDate "2014.07.19"]
[EventType "swiss"]
[EventRounds "11"]
[EventCountry "GBR"]
[Source "John Saunders"]
[SourceDate "2015.07.24"]

1. e4 c6 2. d4 d5 3. Nc3 dxe4 4. Nxe4 Nd7 5. Bc4 Ngf6 6. Nxf6+ Nxf6 7. Nf3 Bf5
8. O-O e6 9. Bg5 Be7 10. Ne5 O-O 11. Re1 Nd7 12. Bxe7 Qxe7 13. c3 Rad8 14. Qf3
Bg6 15. Rad1 Nxe5 16. Rxe5 Rd6 17. Qg4 Rfd8 18. h4 Qf6 19. Rde1 b6 20. b4 Bf5
21. Qf4 Bd3 22. Qxf6 gxf6 23. Bxd3 fxe5 24. Rxe5 h6 25. Bc4 Ra8 26. Bb3 a5 27.
bxa5 Rxa5 28. Rxa5 bxa5 29. Ba4 Kf8 30. f4 Ke7 31. Kf2 c5 32. Ke3 cxd4+ 33.
cxd4 Rb6 34. Bb3 Rb4 35. g3 a4 36. Bc2 a3 37. Kd3 Rb2 38. Kc3 Rxa2 39. g4 Ra1
40. g5 hxg5 41. hxg5 a2 42. Kb2 Rc1 0-1

[Event "GBR-ch"]
[Site "Aberystwyth, Wales"]
[Date "2014.07.21"]
[Round "3.9"]
[White "Waddington, Mike P"]
[Black "Arkell, Keith C"]
[Result "0-1"]
[WhiteElo "2085"]
[BlackElo "2433"]
[PlyCount "48"]
[EventDate "2014.07.19"]
[EventType "swiss"]
[EventRounds "11"]
[EventCountry "GBR"]
[Source "John Saunders"]
[SourceDate "2015.07.24"]

1. Nc3 d5 2. e4 d4 3. Nce2 e5 4. Ng3 Nf6 5. Bc4 h5 6. Nf3 h4 7. Ne2 Nxe4 8.
Nxe5 Nd6 9. Bd5 c6 10. Bb3 Qg5 11. f4 Qxg2 12. Rg1 Qxh2 13. Nf3 Qh3 14. Nexd4
Bg4 15. Ng5 Bxd1 16. Nxh3 Bh5 17. d3 Nd7 18. Kf2 O-O-O 19. Bd2 Be7 20. Nf3 Bf6
21. c3 Nc5 22. Bc2 Bg6 23. Ne5 Bxe5 24. fxe5 Nde4+ 0-1

[Event "GBR-ch"]
[Site "Aberystwyth, Wales"]
[Date "2014.07.21"]
[Round "3.10"]
[White "Jackson, James P"]
[Black "Kalaiyalahan, Akshaya"]
[Result "1-0"]
[WhiteElo "2320"]
[BlackElo "2016"]
[PlyCount "187"]
[EventDate "2014.07.19"]
[EventType "swiss"]
[EventRounds "11"]
[EventCountry "GBR"]
[Source "John Saunders"]
[SourceDate "2015.07.24"]

1. e4 c5 2. Nf3 Nc6 3. d4 cxd4 4. Nxd4 g6 5. c4 Bg7 6. Be3 Nf6 7. Nc3 d6 8. Be2
O-O 9. O-O Nxd4 10. Bxd4 Bd7 11. f3 Bc6 12. Qd2 Qd7 13. b4 b6 14. a4 Rfb8 15.
a5 bxa5 16. b5 Bb7 17. Rxa5 a6 18. Na4 Qd8 19. Nb6 Nd7 20. Nxd7 Bxd4+ 21. Qxd4
Qxd7 22. Rfa1 axb5 23. cxb5 Rxa5 24. Rxa5 Ra8 25. Rxa8+ Bxa8 26. Qb6 Qc8 27.
Kf2 Bb7 28. Qd4 Qc7 29. Bd1 e5 30. Qa7 Qc5+ 31. Qxc5 dxc5 32. Bb3 Kf8 33. Ke3
Ke7 34. Kd3 f5 35. Bg8 h6 36. exf5 gxf5 37. Bh7 Bc8 38. b6 Kd6 39. b7 Bxb7 40.
Bxf5 Ba6+ 41. Kc3 Ke7 42. g3 Bb7 43. Be4 Ba6 44. h4 Ke6 45. g4 Kf6 46. Kd2 Bb5
47. Bd5 Ba6 48. Ke3 Bb5 49. Bb7 Bf1 50. Bc6 Ba6 51. Ke4 Be2 52. Bb7 Bc4 53. Bd5
Ba6 54. Ke3 Bb5 55. Kd2 Ba6 56. Kc1 Bb5 57. Kb2 Ba6 58. Bc6 Kg6 59. Ka3 Kf6 60.
Ka4 Be2 61. Ka5 Kg7 62. Bd5 Kf6 63. Be4 Kg7 64. Ka4 Kf6 65. Kb3 Kg7 66. Kc3 Kf6
67. Kc2 Kg7 68. Kd2 Ba6 69. Bd3 Bb7 70. Be2 Kf6 71. Kc2 Bd5 72. Kc3 Kg7 73. Kb2
Kf6 74. Ka3 Bc6 75. Kb3 Bd5+ 76. Ka4 Kg7 77. Kb5 c4 78. Kb4 Kf6 79. Kc3 Kg7 80.
Kd2 Kf6 81. Bd1 Kg7 82. Ke3 Kf6 83. Bc2 Bc6 84. Be4 Bb5 85. Kd2 Ke6 86. Kc3 Ba6
87. Kb4 Kd6 88. Ba8 Ke6 89. Bc6 Kd6 90. Be4 Ke6 91. Ka5 Bc8 92. Bf5+ Kd5 93.
Bxc8 e4 94. Bb7+ 1-0

[Event "GBR-ch"]
[Site "Aberystwyth, Wales"]
[Date "2014.07.21"]
[Round "3.11"]
[White "Jones, Steven A"]
[Black "Lewis, Andrew P"]
[Result "0-1"]
[WhiteElo "2064"]
[BlackElo "2286"]
[PlyCount "74"]
[EventDate "2014.07.19"]
[EventType "swiss"]
[EventRounds "11"]
[EventCountry "GBR"]
[Source "John Saunders"]
[SourceDate "2015.07.24"]

1. e4 c5 2. Nf3 Nc6 3. d4 cxd4 4. Nxd4 Nf6 5. Nc3 d6 6. Bg5 e6 7. Qd2 Be7 8.
O-O-O O-O 9. Nb3 a6 10. f3 b5 11. h4 b4 12. Na4 Qc7 13. h5 Rd8 14. Qf4 h6 15.
Bh4 Rb8 16. g4 e5 17. Qd2 Be6 18. g5 hxg5 19. Qxg5 Nd5 20. Qg3 Bxh4 21. Qxh4
Nf4 22. h6 Qe7 23. Qh2 g6 24. h7+ Kh8 25. Bxa6 Rd7 26. c4 bxc3 27. Nxc3 Nb4 28.
Bb5 Nxa2+ 29. Kd2 Nxc3 30. Bxd7 Rxb3 31. Bxe6 Rxb2+ 32. Kxc3 Rxh2 33. Rxh2 Qxe6
34. Rh6 Qa2 35. Rd2 Qa3+ 36. Kc4 Ne6 37. Rd5 Nd4 0-1